[Event "?"]
[Site "Solin Solingen GER"]
[Date "1996.??.??"]
[Round "?"]
[White "Rade, Miroslav"]
[Black "Kurajica, Bojan"]
[Result "0-1"]
[WhiteElo "2295"]
[BlackElo "2505"]

1. e4 c5 2. Nf3 e6 3. d4 cxd4 4. Nxd4 a6 5. Bd3 Bc5 6. Nb3 Be7 7. O-O Nc6
8. Nc3 Nf6 9. f4 d6 10. Qf3 O-O 11. Bd2 Nb4 12. Kh1 Nxd3 13. cxd3 Bd7 14.
Rae1 Rc8 15. d4 b5 16. a3 Rc4 17. e5 Bc6 18. Qd3 dxe5 19. fxe5 Nd7 20. Re3
f5 21. d5 Rxc3 22. Bxc3 Bxd5 23. Qc2 Qc7 24. Ree1 Rc8 25. Nd4 Bh4 26. Rc1
Nxe5 27. Nxe6 Bxe6 28. Qe2 Bf6 29. Bxe5 Qxc1 30. Bc3 Bc4 31. Qxc4+ Rxc4 0-1

[Event "?"]
[Site "WYb18 Heraklio GRE"]
[Date "2002.??.??"]
[Round "?"]
[White "Bellaiche, Anthony"]
[Black "Werle, Jan"]
[Result "1/2-1/2"]
[WhiteElo "2365"]
[BlackElo "2430"]

1. e4 c5 2. Nf3 e6 3. d4 cxd4 4. Nxd4 Qb6 5. Nc3 Bc5 6. Na4 Qa5+ 7. c3 Bxd4
8. Qxd4 Nf6 9. Nc5 Nc6 10. Qd6 b6 11. Nb3 Nxe4 12. Qxc6 dxc6 13. Nxa5 bxa5
14. Be3 Nf6 15. Bd4 Rg8 16. O-O-O Nd7 17. Bd3 c5 18. Be3 Bb7 19. Bb5 O-O-O
20. f3 a6 21. Bxd7+ Rxd7 22. Rxd7 Kxd7 1/2-1/2

[Event "?"]
[Site "NRW Oberliga"]
[Date "2003.??.??"]
[Round "?"]
[White "Fleck, Juergen"]
[Black "Lemmers, Oscar"]
[Result "1-0"]
[WhiteElo "2420"]
[BlackElo "2375"]

1. e4 c5 2. Nf3 e6 3. d4 cxd4 4. Nxd4 a6 5. Bd3 Bc5 6. Nb3 Be7 7. O-O Qc7
8. c4 d6 9. Nc3 Nf6 10. f4 Nbd7 11. Be3 b6 12. Qf3 Bb7 13. Qh3 O-O 14. Rac1
g6 15. Kh1 Nh5 16. f5 exf5 17. Bh6 Rfe8 18. exf5 Ne5 19. Be2 Nf6 20. Bg5
Qd8 21. Qh4 Kg7 22. Nd4 Nfd7 23. fxg6 hxg6 24. Qh6+ Kg8 25. Rxf7 Nxf7 26.
Qxg6+ Kh8 27. Ne6 1-0

[Event "?"]
[Site "Open Porto San Giorgio"]
[Date "2002.??.??"]
[Round "?"]
[White "Voltolini, Giuseppe"]
[Black "Sax, Gyula"]
[Result "0-1"]
[WhiteElo "2285"]
[BlackElo "2510"]

1. e4 c5 2. Nf3 e6 3. d4 cxd4 4. Nxd4 a6 5. Bd3 Bc5 6. Nb3 Be7 7. O-O Nc6
8. f4 d6 9. a4 b6 10. Be3 Nf6 11. c3 O-O 12. N1d2 Qc7 13. g4 Nd7 14. g5 Nc5
15. Nxc5 bxc5 16. Qh5 g6 17. Qh6 f5 18. gxf6 Bxf6 19. Rad1 Rb8 20. e5 dxe5
21. Bxc5 Bg7 22. Qh4 Rxf4 23. Rxf4 exf4 24. b4 Bb7 25. Nc4 Ne5 26. Nxe5
Qxe5 27. Bc4 Bd5 28. Bd4 Qe4 29. Bxd5 Qxd5 30. Rd2 Re8 31. Qe1 e5 32. Bc5
Qc4 33. Rd7 e4 34. Qh4 Qe6 35. Rxg7+ Kxg7 36. Bd4+ Kg8 37. Qxf4 e3 38. Qc7
Qg4+ 0-1

[Event "?"]
[Site "ACT Open, Amsterdam NED"]
[Date "2004.??.??"]
[Round "6"]
[White "Vonthron, Horst"]
[Black "Solleveld, Maarten"]
[Result "1/2-1/2"]
[WhiteElo "2310"]
[BlackElo "2485"]

1. e4 c5 2. Nf3 e6 3. d4 cxd4 4. Nxd4 a6 5. Bd3 Bc5 6. Nb3 Be7 7. Nc3 d6 8.
a4 Nf6 9. a5 Nc6 10. Be3 d5 11. Bb6 Qd7 12. O-O O-O 13. exd5 exd5 14. h3
Bb4 15. Ne2 Ne5 16. Bc5 Bxc5 17. Nxc5 Qc7 18. b4 b6 19. axb6 Qxb6 20. c3 a5
21. Nd4 Bd7 22. Nxd7 Nfxd7 23. Bb5 Nf6 24. Qa4 Ne4 25. bxa5 Qc7 26. Rfc1
Rfc8 27. a6 Qa7 28. Qa3 g6 29. Ra2 Nc5 30. Re1 Nc4 31. Bxc4 dxc4 32. Re5
Rab8 33. Ra1 Ra8 34. Rd5 Qb6 35. a7 Rc7 36. Qa5 Qxa5 37. Rxa5 Nb3 38. Nxb3
cxb3 39. Rdb5 Raxa7 40. Rxa7 Rxa7 41. Rxb3 Ra1+ 42. Kh2 Rc1 43. h4 Kg7 44.
g3 h6 45. Kg2 g5 46. hxg5 hxg5 47. g4 f5 48. gxf5 Kf6 49. Kf3 Kxf5 50. Rb5+
Kf6 51. Rc5 Rc2 52. Kg3 Ke6 53. Rc8 Kd7 54. Rc4 Ke6 55. Re4+ Kf5 56. Re3 g4
57. Rd3 Ke5 58. Kg2 Rc1 59. Rg3 Kf4 60. Re3 Kf5 61. Rd3 Ke5 62. Rg3 Kf4 63.
Re3 Kf5 64. f3 Rc2+ 65. Kg3 gxf3 66. Kxf3 Rh2 1/2-1/2

[Event "?"]
[Site "22nd ECU Club Cup"]
[Date "2006.??.??"]
[Round "6"]
[White "Hardarson, Robert"]
[Black "Lutsko, Igor"]
[Result "0-1"]
[WhiteElo "2310"]
[BlackElo "2485"]

1. e4 c5 2. Nf3 e6 3. d4 cxd4 4. Nxd4 a6 5. Bd3 Bc5 6. Nb3 Be7 7. O-O d6 8.
Nc3 Nc6 9. Be3 Nf6 10. f4 O-O 11. Kh1 b5 12. Qf3 Bd7 13. a3 Qc7 14. Nd4
Nxd4 15. Bxd4 Bc6 16. Qh3 e5 17. fxe5 dxe5 18. Nd5 Bxd5 19. exd5 g6 20. Qg3
Nd7 21. Be3 Bf6 22. d6 Qc6 23. Rxf6 Nxf6 24. Qxe5 Ng4 25. Qc5 Rac8 26. Qxc6
Rxc6 27. Bf4 Re8 28. h3 Nf2+ 29. Kg1 Nxd3 30. cxd3 f6 31. a4 b4 32. a5 g5
33. Bg3 f5 34. d7 Rd8 35. Ra4 Rc1+ 0-1

[Event "?"]
[Site "WJun, Instanbul TUR"]
[Date "2005.??.??"]
[Round "12"]
[White "Wen Yang"]
[Black "Babujian, Levon"]
[Result "1/2-1/2"]
[WhiteElo "2370"]
[BlackElo "2425"]

1. e4 c5 2. Nf3 e6 3. d4 cxd4 4. Nxd4 a6 5. Bd3 Bc5 6. Nb3 Be7 7. Be3 d6 8.
f4 Nc6 9. N1d2 Nf6 10. Qe2 Qc7 11. O-O-O b5 12. g4 Bb7 13. g5 Nd7 14. Kb1
b4 15. Rhf1 O-O 16. Rc1 Rfe8 17. h4 Bf8 18. h5 Nc5 19. g6 fxg6 20. hxg6 h6
1/2-1/2

[Event "?"]
[Site "Buenos Aires Boca Open"]
[Date "2001.??.??"]
[Round "?"]
[White "Ginzburg, Maximiliano"]
[Black "Garcia, Raimundo"]
[Result "1-0"]
[WhiteElo "2425"]
[BlackElo "2365"]

1. e4 c5 2. Nf3 e6 3. d4 cxd4 4. Nxd4 a6 5. Bd3 Bc5 6. Nb3 Be7 7. Qg4 g6 8.
Qe2 d6 9. O-O Nc6 10. Nc3 b5 11. a4 b4 12. Na2 Nf6 13. Bh6 e5 14. Bg7 Rg8
15. Bxf6 Bxf6 16. Bc4 Be6 17. Bxe6 fxe6 18. Qc4 Qd7 19. Nxb4 Nxb4 20. Qxb4
Qc7 21. Qd2 Rf8 22. Na5 Bd8 23. b4 Rf7 24. Qd3 Rd7 25. Ra3 Rc8 26. Qxa6
Qxc2 27. b5 Bxa5 28. Qxa5 Qxe4 29. b6 Qc4 30. Qd2 d5 31. a5 Qa6 32. Qg5 e4
33. Qe5 Re7 34. h4 Qb5 35. Raa1 Kf7 36. Rfb1 Qa6 37. h5 Rd7 38. Ra3 Rc5 39.
hxg6+ hxg6 40. Rh3 1-0

[Event "?"]
[Site "2 Tula RUS"]
[Date "2001.??.??"]
[Round "?"]
[White "Gusev, Aleksey"]
[Black "Prokhorov, Sergey An"]
[Result "1/2-1/2"]
[WhiteElo "2380"]
[BlackElo "2410"]

1. e4 c5 2. Nf3 e6 3. d4 cxd4 4. Nxd4 Qb6 5. Nc3 Bc5 6. Na4 Qa5+ 7. c3 Bxd4
8. Qxd4 Nf6 9. Nc5 Nc6 10. Qe3 O-O 11. Be2 b6 12. Nd3 d5 13. b4 Qa4 14.
exd5 exd5 15. Nb2 Qc2 16. Qd3 Qxd3 17. Bxd3 Re8+ 18. Kf1 d4 19. b5 Ne5 20.
cxd4 Nxd3 21. Nxd3 Bf5 22. Ne5 Ng4 23. f4 Rac8 24. h3 Nxe5 25. fxe5 Bd3+
26. Kg1 Bxb5 27. Rh2 Rc4 28. Bb2 Rec8 29. g3 Bc6 30. Rd2 Bd5 31. Kf2 Kf8
32. Ke3 b5 33. a3 a5 34. Rdd1 Ke7 35. Rac1 Ke6 36. Kd3 b4 37. axb4 axb4 38.
Rxc4 Bxc4+ 39. Ke4 Bd5+ 40. Kd3 b3 41. Rc1 Ra8 42. Kc3 Ra2 43. Ra1 f5 44.
exf6 Kxf6 45. Re1 Ra4 46. Re5 Ra5 47. Kb4 Ra2 48. Rxd5 Rxb2 49. h4 Ke6 50.
Re5+ Kd6 51. Rg5 g6 52. h5 gxh5 53. Rxh5 Rd2 54. Kc3 b2 55. Rb5 Rg2 56.
Rxb2 Rxg3+ 57. Kc4 h5 58. Rh2 Rg5 59. Rh4 Ra5 60. Kd3 Ke6 61. Ke4 1/2-1/2

[Event "?"]
[Site "Open Oberwart AUT"]
[Date "1996.??.??"]
[Round "?"]
[White "Wittmann, Walter"]
[Black "Suetin, Alexei S"]
[Result "1/2-1/2"]
[WhiteElo "2370"]
[BlackElo "2420"]

1. e4 c5 2. Nf3 e6 3. d4 cxd4 4. Nxd4 a6 5. Bd3 Bc5 6. Nb3 Bb6 7. Qe2 Nc6
8. O-O d6 9. Be3 Nf6 10. c4 O-O 11. Nc3 Bxe3 12. Qxe3 Qe7 13. Rac1 Bd7 14.
Rfd1 Ne5 15. h3 Rfd8 16. f4 Nxd3 17. Rxd3 Be8 18. Rcd1 Rac8 19. c5 dxc5 20.
Rxd8 Rxd8 21. Rxd8 Qxd8 22. Qxc5 Bc6 23. Qe3 h6 24. g3 Nxe4 25. Nxe4 Qd5
26. Nbc5 b6 27. Nxa6 Qxa2 28. Qd3 Bxe4 29. Qxe4 Qxa6 30. Qd4 b5 31. Qd8+
Kh7 32. Qd3+ g6 33. Qd4 Qa8 34. Qf6 Kg8 35. g4 Qd5 36. Kf2 h5 37. Kg3 b4
38. Kh4 Kf8 39. Kg3 Ke8 40. Qg7 hxg4 41. hxg4 Ke7 42. g5 Qd3+ 43. Kh4 b3
44. Qf6+ Ke8 45. Qg7 Qe3 46. Qf6 Qe1+ 47. Kg4 Qe4 48. Kg3 Qd3+ 49. Kh4 Qf5
50. Qd4 Qd5 51. Qf6 e5 52. fxe5 Qd4+ 53. Kg3 Qxb2 54. Qh8+ Ke7 55. Qf6+
1/2-1/2

[Event "?"]
[Site "ol (Men) Elista RUS"]
[Date "1998.??.??"]
[Round "?"]
[White "Matthews, Shane"]
[Black "David, Alberto"]
[Result "0-1"]
[WhiteElo "2265"]
[BlackElo "2520"]

1. e4 c5 2. Nf3 e6 3. d4 cxd4 4. Nxd4 a6 5. Bd3 Bc5 6. Nb3 Be7 7. O-O d6 8.
f4 Qc7 9. c4 Nf6 10. Nc3 Nc6 11. Kh1 O-O 12. Be3 Nb4 13. Rc1 Nxd3 14. Qxd3
Bd7 15. Bd4 Bc6 16. Qg3 Qd8 17. Rcd1 Qc8 18. Bxf6 Bxf6 19. Rxd6 Bxc3 20.
Qxc3 Bxe4 21. Rfd1 Qc7 22. R1d4 Bd5 23. Qb4 Rac8 24. Na5 b5 25. b3 Qa7 26.
Qd2 bxc4 27. bxc4 Qb8 28. Rxa6 Qb1+ 29. Qd1 Qxd1+ 30. Rxd1 Bxc4 31. Nxc4
Rxc4 32. g3 Rc2 33. Rg1 Rd8 34. Rg2 Rc1+ 35. Rg1 Rc3 36. Rf1 h5 37. Rf2 h4
38. Kg2 hxg3 39. hxg3 Rdd3 40. Ra4 Rxg3+ 41. Kf1 Ra3 42. Rxa3 Rxa3 43. Ke1
f5 44. Kd1 Kf7 45. Kc1 Kf6 46. Kb2 Ra6 47. Kb3 e5 48. fxe5+ Kxe5 49. Rg2
Kf6 50. Kc4 g5 51. Rb2 g4 52. Kd3 Kg5 53. Ke2 Ra3 54. Kf2 f4 55. Kg2 Kh4
56. Kg1 g3 57. Kg2 f3+ 58. Kg1 Kh3 0-1

[Event "?"]
[Site "Open Strasbourg FRA"]
[Date "1991.??.??"]
[Round "?"]
[White "Vatter, Hans-Joachim"]
[Black "Avshalumov, Alex"]
[Result "1-0"]
[WhiteElo "2310"]
[BlackElo "2475"]

1. e4 c5 2. Nf3 e6 3. d4 cxd4 4. Nxd4 a6 5. Bd3 Bc5 6. Nb3 Bb6 7. Qe2 Ne7
8. Nc3 Nbc6 9. Be3 O-O 10. O-O-O d5 11. Bxb6 Qxb6 12. f4 Nb4 13. e5 Bd7 14.
a3 Nxd3+ 15. Rxd3 Rac8 16. Rhd1 Bb5 17. Nxb5 axb5 18. Qe3 Qa6 19. Kb1 Rc4
20. c3 Re4 21. Qf3 Rc8 22. Qxe4 1-0

[Event "?"]
[Site "Glassy Stream Open, Kharkov UK"]
[Date "2004.??.??"]
[Round "9"]
[White "Averjanov, Alexey"]
[Black "Simantsev, Mikhail"]
[Result "1/2-1/2"]
[WhiteElo "2415"]
[BlackElo "2370"]

1. e4 c5 2. Nf3 e6 3. d4 cxd4 4. Nxd4 a6 5. Bd3 Bc5 6. Nb3 Be7 7. O-O d6 8.
Qg4 g6 9. Qe2 Nd7 10. f4 Qc7 11. c4 Ngf6 12. Nc3 O-O 13. g4 Re8 14. g5 Nh5
15. Qf2 Ng7 16. Be3 Nc5 17. Bc2 b6 18. Nd4 Bb7 19. f5 Bf8 20. b4 Nd7 21.
fxe6 fxe6 22. Qf7+ Kh8 23. Bb3 Re7 24. Qf2 Kg8 25. Rac1 Ne5 26. Qg3 Nd3 27.
Rcd1 Nb2 28. Rc1 Nd3 29. Rcd1 1/2-1/2

[Event "?"]
[Site "ch-Serbia Leskovac"]
[Date "2002.??.??"]
[Round "?"]
[White "Predojevic, Borki"]
[Black "Perunovic, Milos"]
[Result "1/2-1/2"]
[WhiteElo "2320"]
[BlackElo "2465"]

1. e4 c5 2. Nf3 e6 3. d4 cxd4 4. Nxd4 a6 5. Bd3 Bc5 6. Nb3 Be7 7. O-O d6 8.
Nc3 Nf6 9. f4 Nbd7 10. Be3 Qc7 11. Qf3 b5 12. Rae1 Bb7 13. Nd4 b4 14. Nd1
g6 15. Nf2 Nc5 16. Bd2 d5 17. e5 Nfe4 18. Be3 1/2-1/2

[Event "?"]
[Site "XIII Luigi Serra, Montecatini Terme ITA"]
[Date "2006.??.??"]
[Round "1"]
[White "Mogranzini, R"]
[Black "Guidarelli, Laurent"]
[Result "1-0"]
[WhiteElo "2350"]
[BlackElo "2435"]

1. e4 c5 2. Nf3 e6 3. d4 cxd4 4. Nxd4 a6 5. Bd3 Bc5 6. Nb3 Be7 7. a4 b6 8.
Be3 Bb7 9. N1d2 d6 10. a5 b5 11. Bb6 Qc8 12. c4 b4 13. O-O Nf6 14. f4 Nbd7
15. Be3 h5 16. h3 Qc7 17. Qe2 h4 18. Rfd1 g6 19. Ra4 Nc5 20. Rxb4 Ncxe4 21.
Bb6 Qc6 22. Nxe4 Nxe4 23. Nd4 Ng3 24. Qc2 Qd7 25. Re1 Rg8 26. Rb3 g5 27. f5
e5 28. f6 g4 29. Nf5 Bxf6 30. Nxg3 hxg3 31. Bf5 Qe7 32. c5 d5 33. c6 Bc8
34. c7 Bd7 35. Bc5 Bxf5 36. Rb8+ Kd7 37. Qa4+ Kxc7 38. Bxe7 Kxb8 39. Bxf6
Ra7 40. Bxe5+ Kb7 41. Bd4 1-0

[Event "?"]
[Site "Suisse (championnat)"]
[Date "2003.??.??"]
[Round "?"]
[White "Wiedmer, Simon"]
[Black "Gallagher, Joseph G"]
[Result "0-1"]
[WhiteElo "2235"]
[BlackElo "2550"]

1. e4 c5 2. Nf3 e6 3. d4 cxd4 4. Nxd4 a6 5. Bd3 Bc5 6. Nb3 Be7 7. c4 d6 8.
O-O Nf6 9. Nc3 Nbd7 10. f4 O-O 11. Be3 b6 12. Qf3 Bb7 13. Rae1 Re8 14. Qh3
Bf8 15. Bd4 e5 16. Be3 exf4 17. Bxf4 Ne5 18. Nd5 Nfd7 19. Qg3 Nxd3 20. Qxd3
Ne5 21. Qd4 b5 22. Qb6 Qxb6+ 23. Nxb6 Rab8 24. Bxe5 dxe5 25. Nd7 bxc4 26.
Nxb8 cxb3 27. Nd7 Bb4 28. Ra1 Bxe4 29. axb3 Bd3 30. Rfd1 e4 31. Rac1 Bb5
32. Nb6 e3 33. Nc4 e2 34. Re1 Bc5+ 35. Kh1 Bf2 36. Nd6 Bxe1 37. Rxe1 Rd8
38. Nxb5 Rd1 0-1

[Event "?"]
[Site "Ch Moscow RUS"]
[Date "2001.??.??"]
[Round "?"]
[White "Chudinovskih, Alexander N"]
[Black "Dragomarezkij, Evgeni"]
[Result "1/2-1/2"]
[WhiteElo "2315"]
[BlackElo "2465"]

1. e4 c5 2. Nf3 e6 3. d4 cxd4 4. Nxd4 a6 5. Bd3 Bc5 6. Nb3 Be7 7. c4 d6 8.
O-O Nf6 9. Nc3 Nbd7 10. Be3 b6 11. a4 Rb8 12. a5 bxa5 13. Nxa5 Qc7 14. Qd2
Nc5 15. Bc2 O-O 16. Rfb1 Ng4 17. Bf4 Ne5 18. Qe2 Bf6 19. Bd2 Nb7 20. Nxb7
Bxb7 21. b3 Nc6 22. Bd1 Nb4 23. Rc1 Rfc8 24. Rab1 Qc6 25. f3 Bd4+ 26. Kh1
Qb6 27. h3 Bc6 28. Bf4 Qc5 29. Nd5 e5 30. Nxb4 Qxb4 31. Bd2 Qa3 32. b4 Ba4
33. Bxa4 Qxa4 34. Qd3 h6 35. Rb3 Qd7 36. f4 Rb6 37. f5 Qe7 38. b5 axb5 39.
cxb5 Rcb8 40. Rc6 Qa7 41. Rxb6 Rxb6 42. f6 d5 43. fxg7 dxe4 44. Qxe4 Qa2
45. Rg3 Qa1+ 46. Be1 Rb8 47. Kh2 Qc1 48. Rf3 Kxg7 1/2-1/2

[Event "?"]
[Site "Open Liechtenstein"]
[Date "1995.??.??"]
[Round "?"]
[White "Tischbierek, Raj"]
[Black "Gaertner, Guntram"]
[Result "1-0"]
[WhiteElo "2495"]
[BlackElo "2285"]

1. e4 c5 2. Nc3 e6 3. Nf3 a6 4. d4 cxd4 5. Nxd4 Bc5 6. Be3 Ba7 7. Qd2 Ne7
8. O-O-O O-O 9. h4 b5 10. h5 b4 11. Nce2 Nbc6 12. h6 g6 13. Nxc6 Nxc6 14.
Bxa7 Rxa7 15. Nd4 Qb6 16. Nxc6 dxc6 17. Qf4 f6 18. Bc4 Qc5 19. b3 a5 20.
Rd2 a4 21. Qd6 Qxd6 22. Rxd6 axb3 23. Bxb3 Rc7 24. Bxe6+ Bxe6 25. Rxe6 Kf7
26. Rd6 Re8 27. f3 c5 28. Rhd1 g5 29. Rd7+ Re7 30. Rxe7+ Rxe7 31. Rd5 Ra7
32. Kb2 Ra5 33. Rd6 Ra3 34. Rc6 Ra5 35. Rb6 Kg6 36. e5 Kxh6 37. Rxf6+ Kg7
38. g4 c4 39. Rc6 c3+ 40. Kb3 Rxe5 41. Kxb4 Re8 42. a4 Rb8+ 43. Ka3 Rf8 44.
Rxc3 h5 45. gxh5 Kh6 46. a5 Kxh5 47. Kb2 Kh4 48. a6 1-0

[Event "?"]
[Site "12th Metalis Open ;The Week in"]
[Date "2005.??.??"]
[Round "4"]
[White "Bosnjak, N"]
[Black "Sax, Gyula"]
[Result "0-1"]
[WhiteElo "2215"]
[BlackElo "2565"]

1. e4 c5 2. Nf3 e6 3. d4 cxd4 4. Nxd4 a6 5. Bd3 Bc5 6. Nb3 Be7 7. O-O Nc6
8. Nc3 Nf6 9. Be3 d6 10. f4 Nb4 11. Be2 Qc7 12. a3 Nc6 13. Bf3 O-O 14. Qe1
Kh8 15. Rd1 b5 16. e5 dxe5 17. fxe5 Nd7 18. Qg3 Bb7 19. Bf4 b4 20. axb4
Nxb4 21. Bxb7 Qxb7 22. Qf3 Qxf3 23. Rxf3 Nb6 24. Be3 Nc4 25. Rd7 Nc6 26.
Bd4 Nxd4 27. Rxd4 Nxe5 28. Rf1 Rfc8 29. Re4 Bf6 30. Ra1 Nc4 31. Ra2 Nxb2
32. Rxb2 Bxc3 33. Ra2 g6 34. Raa4 Rc6 35. Kf2 f5 0-1

[Event "?"]
[Site "Rilton Cup"]
[Date "1998.??.??"]
[Round "?"]
[White "Hermansson, Emil"]
[Black "Agrest, Evgenij"]
[Result "1/2-1/2"]
[WhiteElo "2275"]
[BlackElo "2505"]

1. e4 c5 2. Nf3 e6 3. d4 cxd4 4. Nxd4 a6 5. Bd3 Bc5 6. Nb3 Be7 7. O-O d6 8.
c4 Nf6 9. Nc3 b6 10. Be3 Bb7 11. Qd2 Nc6 12. Na4 Nd7 13. Be2 O-O 14. Rac1
Rc8 15. f3 Nc5 16. Nc3 Ne5 17. Nd4 g5 18. Kh1 Ng6 19. b4 Nd7 20. Nb3 h6 21.
Na4 Kh7 22. Rfd1 Nge5 23. Nb2 Rg8 24. a4 Qf8 25. a5 bxa5 26. Nxa5 Ba8 27.
Nd3 Ng6 28. b5 g4 29. b6 gxf3 30. gxf3 Rb8 31. Rb1 Qc8 32. Rb3 f5 33. exf5
exf5 34. Rdb1 Bb7 35. Nf4 Nc5 36. Bxc5 Qxc5 37. Nxb7 Rxb7 38. Qd5 Nxf4 39.
Qxb7 Rg7 40. Bd3 Nh3 41. Bxf5+ Qxf5 42. Rf1 Qg5 43. Qe4+ Kh8 44. Qg4 Nf2+
45. Rxf2 Qc1+ 46. Kg2 Rxg4+ 47. fxg4 Qxc4 48. Rff3 d5 49. b7 Bd6 50. b8=Q+
Bxb8 51. Rxb8+ Kh7 52. Rb7+ Kg6 53. Rb6+ Kg7 54. Rb7+ 1/2-1/2

[Event "?"]
[Site "Caorle Open"]
[Date "1982.??.??"]
[Round "?"]
[White "Barlov, Dragan"]
[Black "Vaisman, Volodia"]
[Result "1-0"]
[WhiteElo "2400"]
[BlackElo "2380"]

1. e4 c5 2. Nf3 e6 3. d4 cxd4 4. Nxd4 a6 5. Bd3 Bc5 6. Nb3 Bb6 7. Nc3 Nc6
8. Qe2 d6 9. Be3 Nf6 10. Bxb6 Qxb6 11. O-O-O O-O 12. g4 Nd7 13. g5 Nc5 14.
f4 Nxb3+ 15. axb3 Bd7 16. Kb1 Nb4 17. Bc4 Rfd8 18. f5 exf5 19. Rhf1 d5 20.
Nxd5 Nxd5 21. Bxd5 Be6 22. Bxe6 Qxe6 23. Rxd8+ Rxd8 24. Rxf5 Re8 25. Rc5 h6
26. gxh6 Qxh6 27. Rc7 b5 28. Rc3 Qf4 29. Rc6 f5 30. Rxa6 fxe4 31. Qxb5 Re5
32. Qc4+ Kh7 33. Ra8 Kg6 34. Rd8 Qf3 35. Rd6+ Kh7 36. b4 Re8 37. Rd2 e3 38.
Qd3+ Kh8 39. Rd1 Qf2 40. Qd7 Qf8 41. Re1 e2 42. b5 Re5 43. Qd4 Qf1 44. Qh4+
Kg8 45. Qc4+ Qf7 46. Qxf7+ Kxf7 47. b6 1-0

[Event "?"]
[Site "Open Zurich SUI"]
[Date "2003.??.??"]
[Round "?"]
[White "Ginsburg, Gennadij"]
[Black "Ciuksyte, Dagne"]
[Result "1-0"]
[WhiteElo "2480"]
[BlackElo "2295"]

1. e4 c5 2. Nf3 e6 3. d4 cxd4 4. Nxd4 a6 5. Bd3 Bc5 6. Nb3 Be7 7. Be3 d6 8.
f4 Nd7 9. Qf3 Ngf6 10. N1d2 Qc7 11. g4 h6 12. h4 h5 13. gxh5 b6 14. Rg1
Nxh5 15. O-O-O Bb7 16. Qe2 g6 17. Nf3 Bf6 18. Ng5 Nc5 19. Nxc5 bxc5 20. f5
d5 21. fxe6 fxe6 22. exd5 Nf4 23. Bxf4 Qxf4+ 24. Kb1 1-0

[Event "?"]
[Site "World Open eme)"]
[Date "2003.??.??"]
[Round "?"]
[White "Delaune, Richard K"]
[Black "Donaldson, John W"]
[Result "1/2-1/2"]
[WhiteElo "2350"]
[BlackElo "2425"]

1. e4 c5 2. Nf3 e6 3. d4 cxd4 4. Nxd4 a6 5. Bd3 Bc5 6. Nb3 Be7 7. Qg4 g6 8.
Qe2 d6 9. Nc3 Qc7 10. h4 Nf6 11. Bh6 Nc6 12. O-O-O Bd7 13. f4 O-O-O 14. g4
Nb4 15. Kb1 Rhe8 16. Rhf1 e5 17. f5 gxf5 18. g5 Ng4 19. a3 Nxd3 20. Nd5 Nf4
21. Rxf4 Qc6 22. Rf3 Kb8 23. Qd2 fxe4 24. Rc3 e3 25. Nxe3 Qe4 26. Nd5 Bc6
27. Rxc6 bxc6 28. Qa5 Rd7 29. Nxe7 Rdxe7 30. Rxd6 Ne3 31. Qb6+ Rb7 32.
Qxb7+ Kxb7 33. Nc5+ Kc7 34. Nxe4 Ng4 35. Rd1 Nxh6 36. gxh6 Re6 37. Rf1 Rxh6
38. Rxf7+ Kb6 39. c4 Rxh4 40. c5+ Ka5 41. Nc3 1/2-1/2

[Event "?"]
[Site "It, Dnepropetrovsk UKR"]
[Date "2005.??.??"]
[Round "10"]
[White "Varitski, Igor"]
[Black "Anapolsky, Sergey"]
[Result "1/2-1/2"]
[WhiteElo "2350"]
[BlackElo "2425"]

1. e4 c5 2. Nf3 e6 3. d4 cxd4 4. Nxd4 a6 5. Bd3 Bc5 6. Nb3 Be7 7. Nc3 d6 8.
O-O Nf6 9. a4 b6 10. f4 Nbd7 11. Qe2 Qc7 12. Be3 Bb7 13. Rae1 h5 14. Bd4 e5
15. Be3 1/2-1/2

[Event "?"]
[Site "Team Ch Barcelona ESP"]
[Date "2000.??.??"]
[Round "?"]
[White "Moya Soriano, Miguel"]
[Black "Hernandez, Gilberto"]
[Result "0-1"]
[WhiteElo "2205"]
[BlackElo "2570"]

1. e4 c5 2. Nf3 e6 3. d4 cxd4 4. Nxd4 Nc6 5. c4 Bc5 6. Nxc6 dxc6 7. Qxd8+
Kxd8 8. Bf4 f6 9. Nc3 e5 10. O-O-O+ Ke7 11. Bg3 Nh6 12. h3 Be6 13. Kb1 Nf7
14. f4 exf4 15. Bxf4 Ne5 16. b3 a6 17. Na4 Bf2 18. c5 g5 19. Bxe5 fxe5 20.
Be2 Raf8 21. Rhf1 h5 22. Nb2 g4 23. hxg4 hxg4 24. Nd3 Bd4 25. Rxf8 Kxf8 26.
Rf1+ Kg7 27. Nf2 Rh4 28. g3 Rh2 29. Bxg4 Rxf2 30. Rxf2 Bxg4 31. Rf1 Be2 32.
Re1 Bd3+ 33. Kc1 Bxc5 34. Kd2 Bb4+ 0-1

[Event "?"]
[Site "CupT GER"]
[Date "2000.??.??"]
[Round "?"]
[White "Heinemann, Thies"]
[Black "Salov, Sergei"]
[Result "1-0"]
[WhiteElo "2475"]
[BlackElo "2300"]

1. e4 c5 2. Nf3 e6 3. d4 cxd4 4. Nxd4 a6 5. Bd3 Bc5 6. Nb3 Be7 7. O-O d6 8.
f4 Nd7 9. c4 Ngf6 10. Nc3 b6 11. Qe2 Qc7 12. Bd2 Bb7 13. Rae1 O-O 14. e5
Ne8 15. Nd1 Rd8 16. Nf2 Nc5 17. Nxc5 dxc5 18. Bc3 g6 19. Ng4 Qc6 20. Rf3 h5
21. Nf6+ Bxf6 22. exf6 Nd6 23. Rg3 h4 24. Rg5 Nf5 25. Bxf5 exf5 26. Qh5 1-0

[Event "?"]
[Site "3rd Dato Arthur Tan, Kuala Lumpur MAS"]
[Date "2006.??.??"]
[Round "3"]
[White "Sukandar, I"]
[Black "Yu Shaoteng"]
[Result "1/2-1/2"]
[WhiteElo "2235"]
[BlackElo "2540"]

1. e4 c5 2. Nf3 e6 3. d4 cxd4 4. Nxd4 a6 5. Bd3 Bc5 6. Nb3 Be7 7. O-O d6 8.
c4 Nf6 9. Nc3 Qc7 10. Be3 b6 11. f4 Bb7 12. Rc1 Nbd7 13. Qe2 O-O 14. g4 g6
15. g5 Nh5 16. f5 exf5 17. exf5 Rfe8 18. f6 Bf8 19. Nd4 d5 20. Nxd5 Bxd5
21. cxd5 Qe5 22. Ne6 Bd6 23. Bc4 Ng3 24. hxg3 Qxg3+ 25. Kh1 Qh3+ 26. Kg1
Qg3+ 27. Kh1 Qh3+ 28. Kg1 1/2-1/2

[Event "?"]
[Site "Hillerod Politiken"]
[Date "1995.??.??"]
[Round "?"]
[White "Borge, Nikolai"]
[Black "Vinther-Schou, Uffe V"]
[Result "1-0"]
[WhiteElo "2405"]
[BlackElo "2370"]

1. e4 c5 2. Nf3 e6 3. d4 cxd4 4. Nxd4 a6 5. Bd3 Bc5 6. Nb3 Be7 7. Nc3 d6 8.
f4 Nd7 9. Be3 Qc7 10. Qf3 b5 11. O-O-O b4 12. Ne2 Ngf6 13. g4 d5 14. e5 Ne4
15. Ng3 Bb7 16. Nxe4 dxe4 17. Bxe4 Bxe4 18. Qxe4 O-O 19. Rd2 Rfc8 20. Rhd1
Nf8 21. Rd4 a5 22. Nd2 Bc5 23. Rc4 Nd7 24. Bxc5 Nxc5 25. Qd4 Qe7 26. g5 g6
27. Nb3 Nxb3+ 28. axb3 Rxc4 29. bxc4 a4 30. Qb6 a3 31. Kb1 axb2 32. Kxb2
Qe8 33. Qb5 Qc8 34. Rd6 Rb8 35. Qc6 Qf8 36. c5 Ra8 37. Qb5 Qe7 38. Rd7 Qe8
39. c6 Qf8 40. c7 b3 1-0

[Event "?"]
[Site "Cup Trencianske Teplice SVK"]
[Date "2002.??.??"]
[Round "?"]
[White "Betko, Lubomir"]
[Black "Votava, Jan"]
[Result "0-1"]
[WhiteElo "2260"]
[BlackElo "2515"]

1. e4 c5 2. Nf3 e6 3. d4 cxd4 4. Nxd4 a6 5. Bd3 Bc5 6. Nb3 Be7 7. c4 d6 8.
Nc3 Nf6 9. O-O O-O 10. Be3 Nc6 11. f4 Bd7 12. Rc1 Rc8 13. Qe2 Re8 14. g4 g6
15. a3 Qc7 16. Qf3 Qb8 17. Qh3 b5 18. cxb5 axb5 19. g5 Nh5 20. Nxb5 Nb4 21.
axb4 Bxb5 22. Bd2 d5 23. exd5 Bxd3 24. Qxd3 Rcd8 25. Qc4 Rxd5 26. Be3 Bxb4
27. Nd4 Bc5 28. b4 Bxd4 29. Bxd4 Nxf4 0-1

[Event "?"]
[Site "Open Barbera"]
[Date "2000.??.??"]
[Round "?"]
[White "Barria, Daniel"]
[Black "Vehi Bach, Victor M"]
[Result "1/2-1/2"]
[WhiteElo "2325"]
[BlackElo "2450"]

1. e4 c5 2. Nf3 e6 3. d4 cxd4 4. Nxd4 a6 5. Bd3 Bc5 6. Nb3 Be7 7. O-O d6 8.
c4 b6 9. Nc3 Bb7 10. Qe2 Nf6 11. Bf4 Nbd7 12. Rfd1 Qc7 13. Bg3 O-O 14. a4
Nc5 15. Bc2 Nxb3 16. Bxb3 Rac8 17. Rac1 g6 18. f3 Nd7 19. Ba2 Rfe8 20. Qd2
Ne5 21. b3 h5 22. h3 Red8 23. Bf2 Nd7 24. Bb1 Nc5 25. Bc2 Bf6 26. b4 Nd7
27. Bb3 Bg7 28. Bh4 Bf6 29. Bf2 Bg7 30. Bh4 Bf6 31. Bf2 1/2-1/2

[Event "?"]
[Site "Czech Open Pardubice CZE"]
[Date "2001.??.??"]
[Round "?"]
[White "Votava, Jan"]
[Black "Livshits, Gaby"]
[Result "0-1"]
[WhiteElo "2505"]
[BlackElo "2270"]

1. e4 c5 2. Nf3 e6 3. d4 cxd4 4. Nxd4 a6 5. Bd3 Bc5 6. Nb3 Be7 7. c4 d6 8.
Nc3 Nf6 9. O-O O-O 10. Be3 Nc6 11. Rc1 b6 12. Qd2 Ng4 13. Be2 Nxe3 14. Qxe3
Bd7 15. Rfd1 Ra7 16. f4 Qb8 17. Kh1 Rc8 18. Nd2 Bf6 19. Nf3 Rb7 20. b3 b5
21. cxb5 axb5 22. Nxb5 Rxb5 23. Bxb5 Qxb5 24. e5 Bd8 25. Rxd6 Qb7 26. Qd3
Nb8 27. Rxc8 Qxc8 28. Rd4 Be7 29. Rc4 Qa6 30. Ng5 g6 31. Qc2 Nc6 32. Qd2
Be8 33. Ne4 Nb4 34. Nd6 Bc6 35. Qxb4 Qxa2 36. Re4 Bxd6 0-1